| 000 | 00623nam a2200241Ia 4500 | ||
|---|---|---|---|
| 008 | 170711s9999 xx 000 0 und d | ||
| 020 | _a8183820182 | ||
| 050 | _a380.1 | ||
| 050 | _bAl425 2008 | ||
| 100 | _aAllen, Michael E. | ||
| 245 | _aHow to export and import : | ||
| 245 | _bway to success / | ||
| 245 | _cby Michael E. Allen. | ||
| 260 | _aNew Delhi : | ||
| 260 | _bLotus Press, | ||
| 260 | _c2008 | ||
| 300 | _a119 pages : | ||
| 300 | _billustrations ; | ||
| 300 | _c21cm. | ||
| 500 | _aIncludes bibliographic reference. | ||
| 650 | _aCommerce, communication, transportation. | ||
| 700 | _aTitle. | ||
| 999 |
_c339615 _d339615 |
||